| 000 | 00000nam##2200000za#4500 |
| 001 | 9.639499 |
| 003 | CaOODSP |
| 005 | 20250910142445 |
| 007 | cr ||||||||||| |
| 008 | 150407|2003||||xxc|||||o f|0| 0 fre|d |
| 040 | |aCaOODSP|bfre |
| 043 | |an-cn--- |
| 086 | 1 |aD2-134/2002F-PDF |
| 110 | 1 |aCanada. |bMinistère de la défense nationale. |
| 245 | 10|aService de santé des Forces canadiennes : |h[ressource électronique]|bintroduction à son histoire & à son patrimoine / |
| 250 | |a2e éd. |
| 260 | |aOttawa - Ontario : |bDéfense nationale |cc2003. |
| 300 | |a98p.|bill. (certaines en couleur), références, photographies |
| 500 | |a«Militi succurrimus - Au secours du soldat»--p.1 de 98. Le nº de catalogue (D2-134/2002) et l'ISBN de l'édition imprimée bilingue ont été incorrectement copiés dans cette édition électronique. |
| 590 | |a11-30-Supp|b2011-12-02 |
| 691 | 07|aArmée|2gcpds |
| 691 | 07|aHistoire militaire|2gcpds |
| 691 | 07|aSoins de santé|2gcpds |
| 720 | 1 |aLanoue, Carole |
| 720 | 1 |aGreen, Peter |
| 775 | 08|tCanadian Forces Medical Service : |w(CaOODSP)9.695356 |
| 856 | 40|ahttp://publications.gc.ca|qPDF|s5.02 Mo|uhttps://publications.gc.ca/collections/collection_2011/dn-nd/D2-134-2002-fra.pdf |